000 01013nam a2200289Ia 4500
001 dia_2083
003 CHAP
005 20230614102449.0
008 220117s1974 xx 000 0 und d
010 _a172621
040 _cCHAP
082 _a636.086 S97 1974
245 _aSystems analysis in forage crops production and utilization /
_c editor R. W. VanKeuren
260 _aEstados Unidos de América :
_b Crop Science Society of America,
_c1974
300 _avi, 64 p.
400 _aSPECIAL PUBLICATION NUMBER, 6
440 _aSpecial publication ; 6
_9152211
500 _aDocumentos presentados en la reunión anual de la Crop Science Society of America en las Vegas, Nevada, Noviembre 1973
504 _aIncluye bibliografías
650 _aForrajes
_942552
650 _aPlantas forrajeras
_988943
700 _aVanKeuren, R. W., ed.
_9152212
901 _a636.086 S97 1974
902 _aM
905 _a5232271974 -usmn 8222223322eng16
942 _cLIBRO
_2ddc
999 _c172621
_d172621